000 00923nam a22002417a 4500
001 81179
003 BD-RjUL
005 20231018102838.0
008 230206s2015 bg a|||| m||| 00| 0 eng d
035 _a(BD-RjUL)81179
040 _aBD-RjUL
_beng
_cBD-RjUL
_dBD-RjUL
041 _aeng
082 _223
_a595.388
_bJAP 2015
100 _aJahan, Syeda Nusrat,
_96860
245 1 0 _aPost harvest techniques and utilization of some Fishes and small prawns with market study /
_cSubmitted By Syeda Nusrat Jahan ;
_6Supervisor : Fawzia Adib Flowra,
260 _aRajshahi :
_bDepartment of Fisheries, University of Rajshahi,
_c2015
300 _aviii, 191 leaves :
_bill, ;
_c29.cm.
502 _aThesis (Ph. D.) -- Department of Fisheries, University of Rajshahi, 2015
504 _aReferences : Leaves 126 - 157
650 _aPrawns
_vArthropoda
_96861
700 _aFlowra, Fawzia, Adib, Supervisor
_96862
942 _2ddc
_cTHE
999 _c81179
_d81179